| 000 | 00417cam a2200169ua 4500 | ||
|---|---|---|---|
| 020 | _c$ 2.00 | ||
| 041 |
_aeng _h |
||
| 082 |
_a530.11 _bBOR/EI |
||
| 100 | _aBorn, Max . | ||
| 245 |
_aEinstein`s theory of relativity / _cMax Born. _hTextual Documents |
||
| 260 |
_aNew York : _bDover Publications , _c1962. |
||
| 300 | _a394 ; . | ||
| 365 | _a$ 2.00 | ||
| 504 | _a | ||
| 942 | _cBK | ||
| 999 |
_c10103 _d10103 |
||